Statistiques concernant Nomme tous les pays du monde avec moins de 100 pays qui réconis

Cliquez ici pour prendre le quiz!

Statistiques générales

  • Ce quiz a été pris 39 fois
    (36 depuis la dernière actualisation)
  • Le résultat moyen est 4 sur 8

Statistiques - réponses

HintRéponse% Correct
Pays séparatistes de Somaliasomaliland
74%
Chypre?Chypre du Nord
71%
Pays séparatistes de Géorgie nu.2Ossétie du Sud
60%
15 Pays le reconnaîtreTaiwan
60%
Pays séparatistes de Géorgie nu.1Abkhazie
54%
Pays séparatistes de MoldavieTransnistrie
54%
Pays séparatistes AzerbaïdjanArtsakh
3%
en afriqueSahara du ouest
0%

Distribution des résultats

Percentile par nombre de réponses

% des personnes avec chaque résultat

Votre développement - résultats

Vous n’avez pas pris ce quiz depuis la dernière actualisation